Agent of Vega (Record no. 787)

000 -LEADER
fixed length control field 00580nam a22002057a 4500
005 - DATE AND TIME OF LATEST TRANSACTION
control field 20201222052115.0
008 - FIXED-LENGTH DATA ELEMENTS--GENERAL INFORMATION
fixed length control field 201222s1960 ||||| |||| 00| 0 eng d
040 ## - CATALOGING SOURCE
Original cataloging agency eng
Transcribing agency DLC
Modifying agency eng
041 ## - LANGUAGE CODE
Language code of text/sound track or separate title eng
080 ## - UNIVERSAL DECIMAL CLASSIFICATION NUMBER
Universal Decimal Classification number 821.111
Item number S-34
100 ## - MAIN ENTRY--PERSONAL NAME
9 (RLIN) 594
Personal name Schmitz, H. James
245 ## - TITLE STATEMENT
Title Agent of Vega
Statement of responsibility, etc. / by: The Gnome Press, Inc
250 ## - EDITION STATEMENT
Edition statement 1st edition
260 ## - PUBLICATION, DISTRIBUTION, ETC.
Place of publication, distribution, etc. Hicksville
Name of publisher, distributor, etc. The Gnome Press, Inc
Date of publication, distribution, etc. 1960
300 ## - PHYSICAL DESCRIPTION
Extent 191 p.
365 ## - TRADE PRICE
Price amount 3 usd
650 #0 - SUBJECT ADDED ENTRY--TOPICAL TERM
9 (RLIN) 254
Topical term or geographic name entry element English literature
653 ## - INDEX TERM--UNCONTROLLED
Uncontrolled term ინგლისური ლიტერატურა
942 ## - ADDED ENTRY ELEMENTS (KOHA)
Source of classification or shelving scheme
Koha item type Books
Edition 1
Holdings
Withdrawn status Lost status Source of classification or shelving scheme Damaged status Not for loan Permanent location Current location Date acquired Inventory number Total Checkouts Full call number Barcode Date last seen Price effective from Koha item type
          Ken Walker International University Ken Walker International University 12/22/2020 2176   821.111 S-34 2176 12/22/2020 12/22/2020 Books

Powered by Koha